The road to Omaha / (Record no. 233363)

000 -LEADER
fixed length control field 01259cam a2200325 a 4500
001 - CONTROL NUMBER
control field 1542800
003 - CONTROL NUMBER IDENTIFIER
control field Nust
005 - DATE AND TIME OF LATEST TRANSACTION
control field 20170307113406.0
008 - FIXED-LENGTH DATA ELEMENTS--GENERAL INFORMATION
fixed length control field 910610s1992 nyu 000 1 eng
010 ## - LIBRARY OF CONGRESS CONTROL NUMBER
LC control number 91023214
020 ## - INTERNATIONAL STANDARD BOOK NUMBER
International Standard Book Number 9781409118657
040 ## - CATALOGING SOURCE
Original cataloging agency DLC
Transcribing agency DLC
Modifying agency DLC
-- OCoLC
-- DLC
043 ## - GEOGRAPHIC AREA CODE
Geographic area code n-us---
-- n-us-nb
050 00 - LIBRARY OF CONGRESS CALL NUMBER
Classification number PS3562.U26
Item number R63 1992
082 00 - DEWEY DECIMAL CLASSIFICATION NUMBER
Classification number 813.54
Author Mark LUD
100 1# - MAIN ENTRY--PERSONAL NAME
Personal name Ludlum, Robert,
Dates associated with a name 1927-2001.
245 14 - TITLE STATEMENT
Title The road to Omaha /
Statement of responsibility, etc. Robert Ludlum.
250 ## - EDITION STATEMENT
Edition statement 1st ed.
260 ## - PUBLICATION, DISTRIBUTION, ETC.
Place of publication, distribution, etc. New York :
Name of publisher, distributor, etc. Random House,
Date of publication, distribution, etc. 1992.
300 ## - PHYSICAL DESCRIPTION
Extent xv, 574 p. ;
Dimensions 25 cm.
650 #0 - SUBJECT ADDED ENTRY--TOPICAL TERM
Topical term or geographic name entry element Indians of North America
General subdivision Legal status, laws, etc.
-- Fiction.
651 #0 - SUBJECT ADDED ENTRY--GEOGRAPHIC NAME
Geographic name Omaha (Neb.)
General subdivision Fiction.
655 #7 - INDEX TERM--GENRE/FORM
Genre/form data or focus term Adventure stories.
Source of term gsafd
655 #7 - INDEX TERM--GENRE/FORM
Genre/form data or focus term Humorous stories.
Source of term gsafd
655 #7 - INDEX TERM--GENRE/FORM
Genre/form data or focus term Legal stories.
Source of term gsafd
856 42 - ELECTRONIC LOCATION AND ACCESS
Materials specified Publisher description
Uniform Resource Identifier <a href="http://www.loc.gov/catdir/description/random0412/91023214.html">http://www.loc.gov/catdir/description/random0412/91023214.html</a>
856 42 - ELECTRONIC LOCATION AND ACCESS
Materials specified Contributor biographical information
Uniform Resource Identifier <a href="http://www.loc.gov/catdir/enhancements/fy0803/91023214-b.html">http://www.loc.gov/catdir/enhancements/fy0803/91023214-b.html</a>
906 ## - LOCAL DATA ELEMENT F, LDF (RLIN)
a 7
b cbc
c orignew
d 1
e ocip
f 19
g y-gencatlg
942 ## - ADDED ENTRY ELEMENTS (KOHA)
Source of classification or shelving scheme
Koha item type Book
Holdings
Withdrawn status Lost status Source of classification or shelving scheme Damaged status Not for loan Permanent Location Current Location Shelving location Date acquired Full call number Barcode Date last seen Copy number Price effective from Koha item type
          Central Library (CL) Central Library (CL) Fiction 03/07/2017 813.54 LUD CL3035 12/05/2025 1 03/07/2017 Book
© 2023 Central Library, National University of Sciences and Technology. All Rights Reserved.